| 000 | 00353 a2200157 4500 | ||
|---|---|---|---|
| 001 | 45425 | ||
| 020 | _a | ||
| 040 | _cAnchieta - Aquarius | ||
| 100 | _aFiorini, Margareth | ||
| 240 | 1 | 0 |
_aTrês Russos e três Ingleses _lpor |
| 245 | 1 | 0 | _aTrês Russos e três Ingleses |
| 300 | _a32 | ||
| 362 | 0 | _a1988 | |
| 650 | 4 | _aLiteratura juvenil | |
| 942 | _cBK | ||
| 999 |
_c45425 _d45425 |
||